| 000 | 00000nam##2200000za#4500 |
| 001 | 9.643253 |
| 003 | CaOODSP |
| 005 | 20210624224102 |
| 007 | cr ||||||||||| |
| 008 | 150407|2000||||xxc|||||o f|0| 0 fre|d |
| 040 | |aCaOODSP|bfre |
| 043 | |an-cn--- |
| 086 | 1 |aEn40-600/2000F-PDF |
| 110 | 1 |aCanada. |bService de la conservation de l'environnement. |
| 245 | 10|aÉvaluation écologique de l'écozone du bouclier boréal / |h[ressource électronique]|csous la direction de Natty Urquizo, Jamie Bastado, Tom Brydges, et Harvey Shear ; publié par le Bureau des indicateurs et de l'évaluation. |
| 260 | |aOttawa - Ontario : |bEnvironnement Canada. |cc2000. |
| 300 | |a98p.|bfigures en couleur, cartes en couleur, graphiques, références, tableaux, photographies |
| 500 | |aLe n° de catalogue (En40-600/2000F) et l'ISBN (0-662-84444-0) de l'édition imprimée ont été copiés dans l'édition électronique. |
| 590 | |a14-21-Supp|b2014-12-11 |
| 691 | 07|aÉcosystème boréal|2gcpds |
| 691 | 07|aGestion de l'environnement|2gcpds |
| 691 | 07|aIndicateurs environnementaux|2gcpds |
| 775 | 08|tEcological assessment of the Boreal Shield ecozone / |w(CaOODSP)9.699278 |
| 856 | 40|ahttp://publications.gc.ca|qPDF|s1.31 Mo|uhttps://publications.gc.ca/collections/collection_2014/ec/En40-600-2000-fra.pdf |